[Event "interzonal (w)"]
[Site "Azov URS"]
[Date "1990.??.??"]
[Round "17"]
[White "Chelushkina, Irina"]
[Black "Peng Zhaoqin"]
[Result "1-0"]
[WhiteElo "2315"]
[BlackElo "2305"]
[EventDate "1990.06.??"]
[PlyCount "183"]

1.g3 Nf6 2.Bg2 g6 3.e4 d6 4.d4 Bg7 5.Ne2 O-O 6.O-O e5 7.h3 Nbd7 8.Nbc3 c6 
9.a4 Re8 10.Be3 Qe7 11.d5 cxd5 12.Nxd5 Nxd5 13.Qxd5 Nf6 14.Qd3 Be6 15.Nc3 
h6 16.Qd2 Kh7 17.Rfd1 Red8 18.a5 Bf8 19.Kh2 Rdc8 20.f4 exf4 21.Bxf4 Rd8 
22.Qf2 Bg7 23.a6 bxa6 24.Rxa6 Nh5 25.Bxd6 Qb7 26.Ra5 Qxb2 27.Na4 Qa2 28.e5
Rac8 29.Rd2 Rc4 30.c3 Qa1 31.Ra2 Qc1 32.Rc2 Qg5 33.Nb2 Rxd6 34.Nxc4 Bxc4 
35.h4 Qxe5 36.Rxe5 Bxe5 37.Rd2 Bxg3+ 38.Qxg3 Rxd2 39.Qe3 Rd3 40.Qe1 a5 41.
Bf1 Rxc3 42.Qxc3 Bxf1 43.Qc7 Kg8 44.Qxa5 Bc4 45.Qd8+ Kh7 46.Kg1 Be6 47.Kf2
Ng7 48.Ke1 Nf5 49.Qf6 Kg8 50.Kd2 Kf8 51.Kc3 Kg8 52.Kb4 Ng7 53.Ka5 Nh5 54.
Qe5 Ba2 55.Kb6 f6 56.Qe7 Bf7 57.Qd6 Kg7 58.Kc7 g5 59.Kd8 Nf4 60.Qb8 Nd5 
61.Qb2 Nf4 62.Ke7 Ng6+ 63.Kd6 Nxh4 64.Qf2 Kg6 65.Ke7 Nf5+ 66.Kf8 g4 67.Qd2
h5 68.Qd7 Bc4 69.Qc6 Bb3 70.Qe8+ Kg5 71.Qb5 Bd1 72.Qd3 Bf3 73.Kf7 Ng3 74.
Qd2+ Kh4 75.Qh2+ Kg5 76.Qxg3 h4 77.Qf2 h3 78.Qe3+ Kf5 79.Qh6 g3 80.Qxh3+ 
Kf4 81.Kxf6 g2 82.Qh2+ Ke3 83.Qg1+ Ke2 84.Ke5 Ba8 85.Kf4 Bb7 86.Kg3 Kd3 
87.Qe1 Kd4 88.Kf4 Bc6 89.Qd1+ Kc5 90.Ke5 Kc4 91.Qc2+ Kb4 92.Qc1 1-0

[Event "interzonal (w)"]
[Site "Azov URS"]
[Date "1990.??.??"]
[Round "17"]
[White "Madl, Ildiko"]
[Black "Kachiani, Ketino"]
[Result "0-1"]
[WhiteElo "2390"]
[BlackElo "2365"]
[EventDate "1990.06.??"]
[PlyCount "106"]

1.e4 e5 2.Nf3 Nc6 3.Bb5 a6 4.Ba4 Nf6 5.O-O Be7 6.Re1 b5 7.Bb3 d6 8.c3 O-O 
9.h3 Bb7 10.d4 Re8 11.Nbd2 Bf8 12.Bc2 g6 13.b3 d5 14.dxe5 Nxe5 15.Nxe5 
Rxe5 16.Nf3 Rxe4 17.Bxe4 Nxe4 18.Bd2 Bg7 19.Rc1 c5 20.Qc2 Qf6 21.b4 Rc8 
22.Qd3 h5 23.Be3 d4 24.cxd4 c4 25.Qc2 Qd6 26.a3 Qd5 27.Red1 Nd6 28.Qe2 Nf5
29.Qf1 Re8 30.Rc3 Re6 31.Rd2 Re4 32.Qd1 f6 33.Qf1 g5 34.Rd1 Bf8 35.Ne1 Bd6
36.Nc2 Bc7 37.f3 Re7 38.Qf2 Qd6 39.Kf1 Bd5 40.Ne1 Qh2 41.Nc2 Ng3+ 42.Ke1 
Ne4 43.fxe4 Bg3 44.exd5 Qxg2 45.Qxg3 Qxg3+ 46.Kd2 Qxh3 47.d6 Rd7 48.Kc1 
Rxd6 49.Bf4 Qxc3 50.Bxd6 Qb3 51.Rg1 Kf7 52.Rg2 c3 53.Ne3 Qe6 0-1

[Event "interzonal (w)"]
[Site "Azov URS"]
[Date "1990.??.??"]
[Round "17"]
[White "Salazar Varon, Adriana"]
[Black "Amura, Claudia"]
[Result "0-1"]
[WhiteElo "2115"]
[BlackElo "2285"]
[EventDate "1990.06.??"]
[PlyCount "44"]

1.e4 g6 2.d4 Bg7 3.Nf3 c5 4.c3 cxd4 5.cxd4 Nf6 6.Nc3 d5 7.e5 Ne4 8.Nxe4 
dxe4 9.Ng5 Nc6 10.Bc4 Qxd4 11.Bxf7+ Kf8 12.Qb3 Qd3 13.Bg8 Nxe5 14.Be6 Qxb3
15.axb3 Nd3+ 16.Ke2 Nc5 17.Bxc8 Rxc8 18.Rxa7 h6 19.Nh3 Nxb3 20.Be3 Rc2+ 
21.Kd1 Rxb2 22.Re1 Kf7 0-1

[Event "interzonal (w)"]
[Site "Azov URS"]
[Date "1990.??.??"]
[Round "17"]
[White "Uskova, Fliura"]
[Black "Basagic, Vesna"]
[Result "1/2-1/2"]
[WhiteElo "2290"]
[BlackElo "2270"]
[EventDate "1990.06.??"]
[PlyCount "45"]

1.e4 c5 2.Nf3 g6 3.d4 cxd4 4.Nxd4 Bg7 5.c4 Nc6 6.Nc2 d6 7.Be2 f5 8.exf5 
Bxf5 9.O-O Nh6 10.Nc3 O-O 11.Ne3 Kh8 12.Ned5 Qd7 13.f3 Be6 14.Be3 Nf5 15.
Bf2 Bg8 16.Bd3 Nfd4 17.Be4 e6 18.Ne3 Rad8 19.Nc2 Nxc2 20.Qxc2 d5 21.cxd5 
exd5 22.Rfd1 d4 23.Ne2 1/2-1/2